Etiqueta de registo: 00000nkm 2200025 450
001 2264922
003 http://id.bnportugal.gov.pt/bib/catbnp/2264922
100 ## $a20260211f1994 m y0pory01030103ba
101 0# $apor
102 ## $aPT
200 1# $aConcurso uma (Lis)boa ideia, dos 6 aos 25 anos$bVisual gráfico]$fPelouro da Cultura da Câmara Municipal de Lisboa$gTópê
210 #9 $aLisboa$cCâmara Municipal de Lisboa,$d[1994?]$e[Lisboa] :$gCentro Gráfico dos Restauradores)
215 ## $a1 cartaz$ccolor.$d63,7x45,9 cm
306 ## $aDatação atribuída em conformidade com o evento anunciado
317 ## $aColeção Madeira Luís
675 ## $a766(=1:469)"199"(084.5)$vBN$zpor$3589138
702 #1 $aTópê$4410$31984747
710 01 $aLisboa.$bCâmara Municipal.$bPelouro da Cultura$348754
801 #0 $aPT$bBN$gRPC
966 ## $lBN$mICONOG$sCT. 20246 A.$x3
971 ## $cCaticonografia5$d20260211
995 ## $aPRR2026 $d20260211$iCaticonografia5